000 00983nam a2200217Ia 4500
001 11728
003 GE_BSU
008 181216s||||||||xx |||||||||||||| ||und||
040 _cGE_BSU
080 _a37.01+371.3+37.02
100 _aუშინსკი,კ.დ. Ушинский,К. Д.
245 _aრჩეული პედაგოგიური თხზულებანი.ტ.2. Избранные педагогические сочинения.Т.2.
245 _cრედ:დ.ლორთქიფანიძე; თარგმ:ივ.კვაჭაძის.
260 _aთბილისი
260 _bინ-ტის გამ-ბა
260 _c1950
300 _a540გვ;20სმ.
300 _bსახელთა საძიებ.გვ:537
653 _aრჩეული პედაგოგიური თხზულებანი.ტ.2. Избранные педагогические сочинения.Т.2.
942 _cBK
999 _c44909
_d44909